00610nam a2200157 a 450000100100000000500170001000800410002704000250006808200180009310000350011124500790014626000670022530000210029295201240031399900150043700000501120200929151546.0090729s1952 dr 001 0 spa d aDO-SdBNPbspacBNPHU a343.02bH565p1 aHerrera Bornia, Orestes91444210aPrevisión social en la República Dominicana /cOrestes Herrera Bornia. aCiudad Trujillo, República Dominicana :bArte y Cine,c1952. a595 p. ;c23 cm. 001054708PDaPDbPDcCTd2009-07-29iLF1l0o343.02 H565pp5011-10r2020-06-25w2020-06-25yLFPDZPréstamo en sala c4817d4817